000 01550nam a2200373 a 4500
999 _c152806
_d152806
003 BLK
005 20250724111822.0
008 180410b bul|||||r ||||||| ||bul||
010 _aKNG00159325000
020 _a978-954-389-275-4
040 _aBLK
041 _aBUL
_cBUL
072 7 _2bullib
_aН8300
_xРомантична проза Н
080 _aАмериканска литература (на САЩ)
_b821.111(73)
_x-31
_z821.111(73)-31
100 1 _aАлън, Сара Адисън
_eпърви автор
_9281347
139 _aАлън, Сара Адисън
_bА 59
245 1 0 _aИзгубеното езеро
_bРоман
_cСара Адисън Алън; прев. от англ. Емилия Станимирова Карастойчева.
257 _aUSA
260 _bЕра
_c2014
_fСофия : Експертпринт
300 _a280 с.
_c20 см
380 _aX
500 _aОриг. загл. Lost Lake / Sarah Addison Allen.
653 _aромантична проза
653 _aромани
659 _aН
700 1 _aКарастойчева, Емилия Станимирова
_d1971 -
_gИндолог. Преводач от английски език
_qНичева-Карастойчева, Емилия Станимирова
_976920
852 _aЦб 268333
856 4 _qpdf
856 4 _qpdf
942 _cKNG
_n0
_079
944 _aCR
_c08.04.2014
_lЦветелина Шанова
_k30531
944 _aED
_c27.04.2016
_lф /
_kЛюдмила_Стоянова
999 _d152806